Score 0/24 Timer 03:00
0 Plays Today
Song Title Missing Word % Correct
Don't _______ The MusicStop
87%
I've Got The Music In _______Me
84.8%
Play That _______ MusicFunky
82.6%
Holiday/Boulevard of Broken _______Dreams
80.6%
_______ My ReligionLosing
79%
Let The Music Do The _______Talking
63.5%
_______ You For The MusicThank
58.1%
_______ ScienceWeird
50.1%
She _______ Me with ScienceBlinded
50%
The _______ Is HistoryRest
43.1%
Who _______ The Red Sports CarDrove
40.1%
_______ My LanguageSpeak
38.5%
Song Title Missing Word % Correct
_______ Away Your TelevisionThrow
34.7%
History Never _______Repeats
30.3%
_______ EntertainmentThat's
29%
Put A Little Holiday In Your _______Heart
26.6%
We _______ HistoryMade
25.7%
_______ With The Television OnSleeping
21.4%
Holidae _______Inn
15.7%
_______ MuzikPop
15.3%
_______ Beat HolidayDead
12.1%
_______ Like The MoviesNot
9.3%
_______ MoviesScary
6.7%
_______ MusicHyper
1.5%

Today's Daily Dose

Missing Word
I Hardly Know Her!

Word Ladder
Sentence Ending

Quick Pick
Female Firsts

Get the Picture
Triathlon Sports

Remove Ads.
Support Sporcle.
Get the best of Sporcle when you Go Orange. This ad-free experience offers more features, more stats, and more fun while also helping to support Sporcle. Thank you for becoming a member.

You're not logged in!

Compare scores with friends on all Sporcle quizzes.
OR
Log In

Show Comments

Extras

Top Quizzes Today


Score Distribution

Your Account Isn't Verified!

In order to create a playlist on Sporcle, you need to verify the email address you used during registration. Go to your Sporcle Settings to finish the process.

Report this User

Report this user for behavior that violates our Community Guidelines.

Details: